| 000 | 00910cam a2200313 a 4500 | ||
|---|---|---|---|
| 001 | 60338 | ||
| 003 | CO-BoRNBP | ||
| 005 | 20260123151020.0 | ||
| 007 | ta | ||
| 008 | 030615s2002 sp ab r 00110bspa d | ||
| 020 | _a8434466597 | ||
| 040 |
_ala _cla |
||
| 041 | 1 |
_aspa _hger |
|
| 082 | 0 | 4 |
_a922 _bS13b _219 ed. |
| 100 | 1 |
_aSchumann, H. W. _968355 |
|
| 245 | 1 | 0 |
_aBuda / _cH. W. Schumann ; traducción José Reche Navarro. |
| 250 | _a1a. edición | ||
| 300 |
_a281 p. : _bil., mapas ; _c23 cm. |
||
| 336 |
_2rdacontent _atexto _btxt |
||
| 337 |
_2rdamedia _asin mediación _bn |
||
| 338 |
_2rdacarrier _avolumen _bnc |
||
| 504 | _aIncluye bilbiografía e índice. | ||
| 534 | _tDer historische buddha. | ||
| 600 | 1 | 7 |
_aBuda, _d567-483 a. de J. C. _v Biografías. _968356 |
| 650 | 7 |
_aBudismo. _2BLAAUTO _978 |
|
| 700 | 1 |
_aReche Navarro, José, _etr. _968357 |
|
| 942 |
_2ddc _cBK |
||
| 949 |
_an _bn |
||
| 999 |
_c60338 _d60338 |
||